Đặc điểm và phân bố các loài thú hoang chính trên thế giới

Saved in:
Bibliographic Details
Main Author: Hồ Phong (Chủ nhiệm đề tài)
Format: Book
Published: 2006
Tags: Add Tag
No Tags, Be the first to tag this record!
Institutions: Mạng thư viện Đại học Đà Nẵng
LEADER 00724nam a2200229 4500
001 000021214
003 17661
005 20150415150401.0
008 150415s2006 sd
100 1 |a Hồ Phong  |e Chủ nhiệm đề tài 
245 1 0 |a Đặc điểm và phân bố các loài thú hoang chính trên thế giới  |c Hồ Phong 
260 |c 2006 
500 |a Đề tài NCKH cấp Trường Đại học Sư Phạm Đà Nẵng . Mã số : T2006-03-01 
OWN |a LSP 
999 |a From the UDN01 
TYP |a Mixed Materials 
TYP |a Monograph 
TYP |a Printed language 
980 |a Mạng thư viện Đại học Đà Nẵng